000
00237 a2200097 4500
001
38290
100
_a
Schein E.H
245
_a
Organizational culture & leadership
260
_a
San Francisco
_b
Jossey Bars
_c
1992
090
_c
24334
_d
24334
942
_a
NUST-CAE
_c
M
_c
15930
999
_c
273363
_d
273363